000 00494nam a2200193Ia 4500
008 240510s9999 xx 000 0 und d
020 _a0000201310007
041 _aEng
082 _a005.8
082 _bG55
100 _aGONG LI
245 0 _aINSIDE JAVA 2 PLATFORM SECURITY :architecture, api design and implementation
260 _bREADING : ADDISION WESLEY
260 _c1999
300 _a262 p.
650 _aJAVA : OBJECT ORIENTED PROGRAMMING
942 _2ddc
942 _cLBK
999 _c24957
_d24957
945 _a1
_bMadushi Gamage
_c1
_dMadushi Gamage